| 000 | 00856 a2200193 4500 | ||
|---|---|---|---|
| 003 | NUST | ||
| 005 | 20251203174008.0 | ||
| 040 | _cNust | ||
| 082 | _a621.382,UME | ||
| 100 |
_aUmer, Muhammad (TE-46 / TCC-22) _9131512 |
||
| 245 |
_aCommercial Model For Controlling Home Appliances with GSM Support / _cMuhammad Umer, Anas Bin Saif, Abdul Wahid Qamar, TE-46 / TCC-22 |
||
| 260 |
_aRawalpindi _bMCS (NUST) _c2013 |
||
| 300 | _av,60 p.; | ||
| 505 | _aintroduction (Page-6), Application of the Project (Page-8), Automation System for Home Appliances (Page-10), Microcontrollers (Page-17), Programming Languages (Page-29), Sensors (Page-42), Hardware Implementation (Page-47), Bibliography (Page-60). | ||
| 650 |
_aTE-46 _9131513 |
||
| 651 |
_aTE-46 / TCC-22 _9131514 |
||
| 700 |
_aSupervised by Asst Prof Ma (R) Engr Fazal Ahmed _9132192 |
||
| 942 |
_cPR _2ddc |
||
| 999 |
_c210856 _d210856 |
||